The Beatles: One Word Song Titles - Statistics

General Stats
  • This quiz has been taken 181 times
  • The average score is 10 of 19
Answer Stats
Answer % Correct
Help!
97%
Yesterday
71%
Something
69%
Michelle
68%
Taxman
68%
Blackbird
60%
Julia
58%
Girl
57%
Because
56%
Chains
55%
Boys
52%
Flying
51%
Misery
51%
Revolution
50%
Wait
47%
Birthday
44%
Piggies
41%
Rain
23%
Junk
3%
No matching quizzes found
Score Distribution
Percent of People with Each Score
Percentile by Number Answered
Your Score History
You have not taken this quiz